Zoology

Αποθηκεύτηκε σε:
Λεπτομέρειες βιβλιογραφικής εγγραφής
Κύριος συγγραφέας: Miller, Stephen A.
Άλλοι συγγραφείς: Harley, John P.
Μορφή: Βιβλίο
Γλώσσα:English
Δημοσίευση: Boston : WCB McGraw-Hill, c1999
Έκδοση:4th ed.
Θέματα:
Ετικέτες: Προσθήκη ετικέτας
Δεν υπάρχουν, Καταχωρήστε ετικέτα πρώτοι!

MARC

LEADER 00000nam a2200000 i 4500
001 1/101203
008 000208s1999 eng d
020 |a 0-07-115810-3 
035 |l 10057587 
040 |a GR-MY-UA  |b    |e aacr 
041 0 |a eng 
082 0 |a 590 
100 1 |a Miller, Stephen A. 
245 1 0 |a Zoology /  |c Stephen A. Miller, John B. Harley 
250 |a 4th ed. 
260 |a Boston :   |b WCB McGraw-Hill,   |c c1999 
300 |a xvi, 750 σ.;  |b έγχρ. εικ.;  |c 28 εκ. 
504 |a Περιέχει βιβλιογραφικές παραπομπές (σ. 696-698) και ευρετήριο 
650 0 0 |a Zoology. 
700 1 |a Harley, John P. 
852 |a INST  |b LESVOS  |e 20000208  |h 590 MIL  |p 005100021802  |q 005100021802  |t BK  |y 0 
901 |a BIBL1-2000-1 
909 |a Λ  |b 073376 
922 |a 1ΕΛΗ  |b 199912  |c ΚΠΣ/ΤΠ  |d GLORY 
950 |a 107-1999-12-22 
970 |a ΜΟΥΣΤΑΚΑ  |b ΠΗΝΕΛΟΠΗ  |z 2000/02/08